000 00829nam a2200253Ia 4500
003 OSt
005 20220928125208.0
006 a|||||r|||| 00| 0
007 ta
008 220927b |||||||| |||| 00| 0 eng d
020 _cUSD 114.95
024 _a142119
037 _b1108169, 24/01/2020, Atlantic Publishers and Distributors
_cTextual
040 _aSDCL
_cSDCL
_beng
041 _2eng
_aeng
082 _aB281, R0
100 _aGrami Ali
_9468836
245 0 _aProbability, random variables, statistics, and random processes
_b Fundamentals and application
260 _aNew Jersey
_bWiley
_c2020
300 _axvii,395p.
_ccm.
650 _aOperational Research
942 _hB281, R0
_cTEXL
_2CC
999 _c781549
_d781549